Visualizzazione normale
Vista MARC
- terza-età
di Topical Term
Records bibliografici associati: 39
001 - CONTROL NUMBER
- control field: 56147
003 - CONTROL NUMBER IDENTIFIER
- control field: IT-RoPau
005 - DATE AND TIME OF LATEST TRANSACTION
- control field: 20170124161402.0
008 - FIXED-LENGTH DATA ELEMENTS
- fixed length control field: 170124|| aca||aabn | a|a d
040 ## - CATALOGING SOURCE
- Original cataloging agency: IT-RoPau
- Transcribing agency: IT-RoPau
150 ## - HEADING--TOPICAL TERM
- Topical term or geographic name entry element: terza-età
670 ## - SOURCE DATA FOUND
- Source citation: Work cat.: (IT-RoPau): Trabucchi Marco 56146, I volti dell'invecchiare, 2016